00000000nam##2200000za#4500
0019.661257
003CaOODSP
00520241203113635
007ta
008150407|1999||||xxc|||||     f|0| 0 eng|d
020 |a0-662-64435-2
040 |aCaOODSP|beng
041 |aeng
041 |afre
043 |an-cn---
0861 |aEn21-193/1999
1101 |aCanada. |bEnvironment Canada.
24510|aManagement framework for planning, reporting and accountability
260 |aOttawa - Ontario : |bEnvironment Canada |c1999.
300 |a22p. ; |c28 cm.
546 |aBilingual
563 |aSoftcover
590 |a00-22|b2000-06-22
69007|aEnvironmental policy|2gcpds
69007|aManagement|2gcpds
69007|aEnvironment|2gcpds
7760#|tCadre de gestion pour la planification, le rapport et la responsabilisation |w(CaOODSP)9.640292
7760#|tManagement framework for planning, reporting and accountability |w(CaOODSP)9.696174
792 |tCadre de gestion pour la planification, le rapport et la responsabilisation |efre|w(CaOODSP)9.661258